Geometry Dash Map Packs - Statistics

General Stats
  • This quiz has been taken 23 times
  • The average score is 22 of 65
Answer Stats
Answer % Correct
Beginner
81%
Alpha
69%
Demon 1
69%
Demon 10
63%
Demon 11
63%
Demon 15
63%
Demon 16
63%
Demon 2
63%
Demon 3
63%
Demon 4
63%
Demon 5
63%
Demon 6
63%
Demon 7
63%
Demon 7
63%
Demon 8
63%
Demon 9
63%
Demon 12
56%
Demon 13
56%
Demon 14
56%
Normal
50%
Ufo
50%
Cookie
44%
Hard
44%
Remix 1
44%
Remix 2
44%
Remix 3
44%
Remix 4
44%
Fast
38%
Ruby
38%
Sapphire
38%
Glow
31%
Ion
25%
Sparkle
25%
Spirit
25%
Bionic
19%
Blade
19%
Chaos
19%
Dash
19%
Diamond
19%
Electro
19%
Expert
19%
Force
19%
Morph
19%
Shiny
19%
Stereo
19%
Challenge
13%
Collosus
13%
Color
13%
Cyclone
13%
Fusion
13%
Laser
13%
Magma
13%
Paradox
13%
Power
13%
Turbo 1
13%
Turbo 2
13%
Twisted
13%
Elemental
6%
Funky
6%
Happy
6%
Mortal
6%
Pheonix
6%
Shatter
6%
Warp
6%
Amythest
0%
No matching quizzes found
Score Distribution
Percent of People with Each Score
Percentile by Number Answered
Your Score History
You have not taken this quiz